Tratado elemental del derecho civil romano y español

Saved in:
Bibliographic Details
Main Author: Martí y de Eixalá, Ramón (autor)
Format: Book
Language:Spanish
Published: Barcelona Joaquín Verdaguer 1838
Subjects:
Tags: Add Tag
No Tags, Be the first to tag this record!

MARC

LEADER 00000nam a2200000 a 4500
001 UCL1061
003 CL-VaPUC
008 030829e18380000SP |||||||||||||||||spa|d
082 0 4 |a 346  |b MAR  |2 21 
100 |a Martí y de Eixalá, Ramón  |e autor  |9 477859 
245 1 0 |a Tratado elemental del derecho civil romano y español 
300 |a v 
942 |c BK 
945 |d 20030829 00:00:00  |a cmena 
260 |a Barcelona  |b Joaquín Verdaguer  |c 1838 
650 0 |a Derecho civil  |9 255013 
650 0 |a Derecho romano  |9 255930 
650 0 |a Derecho civil español   |9 390729 
583 |a last modification  |c 20030829 00:00:00  |k Rodrigo Vera 
999 |c 304743  |d 304741 
952 |0 0  |1 0  |4 0  |6 346_000000000000000_MAR_1838  |7 0  |8 DER_HIS  |9 367453  |a BIBDER  |b BIBDER  |d 2019-11-21  |h v.2  |i 2040905  |o 346 MAR 1838  |p 2040905  |r 2023-01-25  |w 2019-11-21  |x Ubicación 4to Piso  |y BK_X  |z Estos recursos deben solicitarse con anticipación  |k DER